NEW ENCYCLOPEDIA OF SCIENCE: VOL 18 SCI-SPA (Record no. 1951)
[ view plain ]
| 000 -LEADER | |
|---|---|
| fixed length control field | 00293nam a22001217a 4500 |
| 082 ## - DEWEY DECIMAL CLASSIFICATION NUMBER | |
| Classification number | 030 |
| Item number | FUN/S-18 |
| 100 ## - MAIN ENTRY--AUTHOR NAME | |
| Personal name | FUNK |
| 100 ## - MAIN ENTRY--AUTHOR NAME | |
| Personal name | WGNALLS |
| 245 ## - TITLE STATEMENT | |
| Title | NEW ENCYCLOPEDIA OF SCIENCE: VOL 18 SCI-SPA |
| 260 ## - PUBLICATION, DISTRIBUTION, ETC. (IMPRINT) | |
| Place of publication | WISCONSIN |
| Name of publisher | RAINTREE PUBLISHERS |
| 650 ## - SUBJECT ADDED ENTRY--TOPICAL TERM | |
| Topical Term | ENCYCLOPEDIA |
| Geographic subdivision | AMERICA |
| 942 ## - ADDED ENTRY ELEMENTS (KOHA) | |
| Koha item type | Books |
| Withdrawn status | Lost status | Collection code | Home library | Current library | Shelving location | Date acquired | Source of acquisition | Full call number | Accession Number | Koha item type |
|---|---|---|---|---|---|---|---|---|---|---|
| Reference | Main Library | Main Library | SHELF 2-A SCIENCE IN OUR WORLD,FUNK7WAGNALLS ENCYCLO,,FIRST AID ,Y2K,MEDICAL | 20/05/2004 | PURCHASE | 030 FUN/S-18 | 01344 | Books |